[Event "Michigan Open"]
[Site "East Lansing"]
[Date "1991.08.31"]
[Round "1"]
[White "Grossman, Jay"]
[Black "Lehotzky, Attila"]
[Result "1/2-1/2"]
[WhiteElo "1820"]
[BlackElo "2084"]
[PlyCount "136"]
[EventDate "1991.08.30"]

1. e4 d6 2. d4 Nf6 3. Nc3 g6 4. Be3 Ng4 5. Bg5 h6 6. f3 Nf2 7. Kxf2 hxg5 8. Bc4
Nc6 9. Nge2 Bg7 10. Qd2 e5 11. dxe5 Nxe5 12. Bb3 a6 13. h3 Bh6 14. Qd4 Bg7 15.
Qd2 Bd7 16. Rad1 Rh7 17. Nd5 Nc6 18. c3 Na5 19. Nd4 Be5 20. Ne3 Bf4 21. Qd3
Nxb3 22. axb3 Bxe3+ 23. Qxe3 Qf6 24. Ne2 Ke7 25. Qd4 Rah8 26. Qxf6+ Kxf6 27.
Ng3 Be6 28. b4 Ke7 29. Rhe1 f6 30. Nf1 Bb3 31. Rd2 Re8 32. Ne3 Kd7 33. Ra1 Rhe7
34. c4 b5 35. c5 Ra8 36. cxd6 cxd6 37. Nd5 Bxd5 38. Rxd5 Re5 39. Rad1 Rxd5 40.
Rxd5 Rc8 41. Ke3 Rc1 42. Rd2 Ke6 43. b3 Re1+ 44. Kd4 Rb1 45. Kc3 Rc1+ 46. Kd4
f5 47. exf5+ gxf5 48. Re2+ Kd7 49. Ra2 Rb1 50. Kc3 Rc1+ 51. Kd4 f4 52. Re2 Rb1
53. Kc3 Kc6 54. Ra2 Kb6 55. Rd2 Kc7 56. Ra2 Re1 57. Rxa6 Re3+ 58. Kd4 Rxb3 59.
Ra7+ Kc6 60. Ra6+ Kd7 61. Kd5 Rd3+ 62. Ke4 Rb3 63. Kd5 Rd3+ 64. Ke4 Rd2 65. Rb6
Rxg2 66. Rxb5 Kc6 67. Rf5 Rg1 68. b5+ Kd7 1/2-1/2

[Event "Michigan Open"]
[Site "East Lansing"]
[Date "1991.08.31"]
[Round "3"]
[White "Grossman, Jay"]
[Black "Ford, William"]
[Result "1/2-1/2"]
[WhiteElo "1820"]
[BlackElo "1878"]
[PlyCount "51"]
[EventDate "1991.08.30"]

1. e4 e5 2. Nf3 Nf6 3. Nc3 Nc6 4. d4 exd4 5. Nxd4 d5 6. Bb5 Bd7 7. exd5 Nxd4 8.
Bxd7+ Qxd7 9. Qxd4 c5 10. Qe5+ Qe7 11. Qxe7+ Bxe7 12. O-O O-O-O 13. Rd1 Rd7 14.
Re1 Nxd5 15. Nxd5 Rxd5 16. Bf4 Bf6 17. c3 Rhd8 18. Rac1 h6 19. Be3 b6 20. a4
Rd3 21. a5 Kb7 22. axb6 axb6 23. Kf1 Ra8 24. Ke2 Rd5 25. Ra1 Rxa1 26. Rxa1
1/2-1/2

[Event "Michigan Open"]
[Site "East Lansing"]
[Date "1991.08.31"]
[Round "2"]
[White "Golonka, Stan"]
[Black "Noren, Kevin"]
[Result "1/2-1/2"]
[WhiteElo "2046"]
[BlackElo "2270"]
[PlyCount "79"]
[EventDate "1991.08.30"]

1. c4 Nf6 2. Nc3 g6 3. g3 Bg7 4. Bg2 O-O 5. e4 d6 6. Nge2 c5 7. O-O Nc6 8. d3
Ne8 9. f4 f5 10. Be3 Nd4 11. Rc1 Nc7 12. Kh1 Rb8 13. Bg1 Nce6 14. exf5 gxf5 15.
Nd5 b5 16. b3 Bb7 17. Nxd4 Nxd4 18. Re1 Re8 19. Qh5 e6 20. Ne3 Bxg2+ 21. Nxg2
Qd7 22. Bxd4 Bxd4 23. Qf3 Qb7 24. Qxb7 Rxb7 25. Nh4 Kf7 26. Nf3 Bf6 27. Rc2 a5
28. cxb5 Rxb5 29. Rec1 Rb4 30. Nd2 a4 31. Nc4 Ke7 32. bxa4 Ra8 33. a5 Bd4 34.
Re2 Rb5 35. Rce1 e5 36. fxe5 d5 37. Nd6 Rbxa5 38. Nxf5+ Ke6 39. Ng7+ Ke7 40.
Nf5+ 1/2-1/2

[Event "Michigan Open"]
[Site "East Lansing"]
[Date "1991.08.31"]
[Round "2"]
[White "Ghiata, Gheorghe"]
[Black "Williams, Ron"]
[Result "1-0"]
[WhiteElo "1923"]
[BlackElo "1806"]
[PlyCount "97"]
[EventDate "1991.08.30"]

1. e4 e5 2. Nf3 Nc6 3. d4 exd4 4. c3 d5 5. e5 Bg4 6. Bb5 Bc5 7. Qa4 Nge7 8.
Nxd4 Qd7 9. O-O O-O 10. Bg5 a6 11. Bxc6 Nxc6 12. Nxc6 bxc6 13. h3 Be2 14. Re1
Bb5 15. Qc2 a5 16. a4 Ba6 17. Be3 Bxe3 18. Rxe3 f6 19. e6 Qe7 20. Nd2 f5 21.
Nf3 c5 22. Re5 c6 23. Rxf5 Qxe6 24. Rxf8+ Rxf8 25. Qxh7+ Kxh7 26. Ng5+ Kg6 27.
Nxe6 Rb8 28. Nxc5 Bc4 29. b3 Be2 30. f3 Bb5 31. axb5 Rxb5 32. b4 axb4 33. cxb4
Rxb4 34. Ra6 Rc4 35. Rxc6+ Kf5 36. Nb3 Rb4 37. Rc3 Ke5 38. Kf2 Ra4 39. Re3+ Kd6
40. Re6+ Kc7 41. Re7+ Kd6 42. Rxg7 d4 43. Nxd4 Rxd4 44. g4 Ke6 45. Kg3 Kf6 46.
Rb7 Rd3 47. h4 Kg6 48. Rb6+ Kg7 49. g5 1-0

[Event "Michigan Open"]
[Site "East Lansing"]
[Date "1991.08.31"]
[Round "2"]
[White "Gawarecki, Leszek"]
[Black "Levadi, David"]
[Result "1-0"]
[WhiteElo "2144"]
[BlackElo "1957"]
[PlyCount "105"]
[EventDate "1991.08.30"]

1. d4 Nf6 2. c4 d5 3. cxd5 Nxd5 4. e4 Nf6 5. Nc3 e5 6. Nf3 exd4 7. Qxd4 Qxd4 8.
Nxd4 a6 9. Bg5 Be7 10. e5 Ng8 11. Nd5 Bxg5 12. Nxc7+ Kd7 13. Nxa8 Bd8 14. g3
Ba5+ 15. Ke2 Ne7 16. Bg2 Nec6 17. Rhd1 Ke7 18. b4 Nxb4 19. Rac1 Nxa2 20. Nc7
Nxc1+ 21. Rxc1 Kd8 22. Nd5 Bd7 23. Rc5 b6 24. Rc7 Re8 25. f4 f6 26. Rb7 Kc8 27.
Nxb6+ Bxb6 28. Rxb6 fxe5 29. fxe5 Rxe5+ 30. Kd2 Ra5 31. Be4 g6 32. h4 Ra4 33.
Ke3 Ra3+ 34. Kf4 Rc3 35. Rf6 Rc1 36. Ke5 Kc7 37. Rf7 Rc5+ 38. Bd5 a5 39. Ne6+
Kb6 40. Nxc5 Kxc5 41. Rxh7 Nc6+ 42. Bxc6 Bxc6 43. Rg7 a4 44. Rxg6 a3 45. Rf6
Bb5 46. Rf3 Kb4 47. Re3 a2 48. Re1 Bd3 49. Ra1 Kb3 50. g4 Kb2 51. Rxa2+ Kxa2
52. h5 Be2 53. h6 1-0

[Event "Michigan Open"]
[Site "East Lansing"]
[Date "1991.08.31"]
[Round "2"]
[White "Gawarecka, Edyta"]
[Black "Laren, Philip"]
[Result "1-0"]
[WhiteElo "2015"]
[BlackElo "2224"]
[PlyCount "99"]
[EventDate "1991.08.30"]

1. e4 d5 2. exd5 Qxd5 3. Nc3 Qa5 4. d4 Nf6 5. Bc4 Bf5 6. Nf3 c6 7. Bd2 e6 8.
Qe2 Bb4 9. O-O Nbd7 10. a3 Bxc3 11. Bxc3 Qc7 12. b4 b5 13. Bb3 O-O 14. Bb2 Nd5
15. Ne5 N7b6 16. c4 Nf4 17. Qf3 bxc4 18. Nxc4 Bd3 19. Nxb6 Bxf1 20. Nxa8 Bxg2
21. Nxc7 Bxf3 22. Bc4 h5 23. Na6 f5 24. Nc5 Rf6 25. Kf1 Rg6 26. Ke1 Kf7 27. Kd2
Nd5 28. Nd3 Rg2 29. Ne5+ Kf6 30. Nxf3 Rxf2+ 31. Be2 Nf4 32. Ng1 g5 33. d5+ e5
34. dxc6 Nd5 35. Nf3 g4 36. Nxe5 Ke6 37. Rc1 f4 38. Nd3 Rxh2 39. c7 Nxc7 40.
Nxf4+ Kf5 41. Rxc7 Kxf4 42. Rf7+ Ke4 43. Re7+ Kd5 44. Be5 Rg2 45. Bf4 h4 46.
Rg7 g3 47. Ke3 Rg1 48. Rg4 Ra1 49. Bf3+ Ke6 50. Rxh4 1-0

[Event "Michigan Open"]
[Site "East Lansing"]
[Date "1991.08.31"]
[Round "3"]
[White "Gawarecka, Edyta"]
[Black "Hermelyn, Edmund"]
[Result "1-0"]
[WhiteElo "2015"]
[BlackElo "2182"]
[PlyCount "101"]
[EventDate "1991.08.30"]

1. e4 Nc6 2. d4 e5 3. Nf3 exd4 4. Nxd4 Bc5 5. Be3 Qf6 6. c3 Nge7 7. Bc4 O-O 8.
O-O Ne5 9. Be2 d5 10. Nd2 N5c6 11. Nxc6 Qxc6 12. Bxc5 Qxc5 13. Nb3 Qd6 14. exd5
Qxd5 15. Qxd5 Nxd5 16. Bf3 c6 17. Rad1 Be6 18. Nc5 b5 19. Rfe1 Rfe8 20. Re5
Rad8 21. g3 Kf8 22. Nxe6+ Rxe6 23. Rh5 h6 24. Bxd5 Red6 25. Rd4 Rxd5 26. Rhxd5
Rxd5 27. Rxd5 cxd5 28. Kf1 Ke7 29. Ke2 Kd6 30. f4 Kc5 31. Kd3 a5 32. b3 b4 33.
f5 g5 34. fxg6 fxg6 35. g4 g5 36. h3 Kd6 37. Kd4 Kc6 38. c4 dxc4 39. Kxc4 Kb6
40. Kd5 Kb5 41. Kd6 a4 42. Kd5 a3 43. Kd4 Kb6 44. Kc4 Kc6 45. Kxb4 Kd5 46. Kxa3
Ke4 47. b4 Kf3 48. b5 Kg3 49. b6 Kxh3 50. b7 Kxg4 51. b8=Q 1-0

[Event "Michigan Open"]
[Site "East Lansing"]
[Date "1991.08.31"]
[Round "2"]
[White "Garrison, Ray"]
[Black "Fuller, William"]
[Result "0-1"]
[WhiteElo "1844"]
[BlackElo "2118"]
[PlyCount "60"]
[EventDate "1991.08.30"]

1. f4 e5 2. e4 d5 3. exd5 e4 4. Bb5+ c6 5. dxc6 bxc6 6. Bc4 Nf6 7. c3 Bc5 8. b4
Bb6 9. Qb3 O-O 10. Ne2 Ng4 11. b5 Nf2 12. Rf1 Nd3+ 13. Kd1 cxb5 14. Qxb5 Bg4
15. Ba3 Qc8 16. Bxd3 exd3 17. Qxd3 Re8 18. Rf3 Bxf3 19. Qxf3 Nd7 20. d4 Nf6 21.
Nd2 Qa6 22. Be7 Qa4+ 23. Nb3 Ng4 24. h3 Nh2 25. Qd5 Qa6 26. Qc6 Rac8 27. Qd6
Qb7 28. f5 Qxg2 29. f6 Nf3 30. fxg7 Rxc3 0-1

[Event "Michigan Open"]
[Site "East Lansing"]
[Date "1991.08.31"]
[Round "3"]
[White "Gabbara, Faris"]
[Black "Tsemekhman, Vadim"]
[Result "0-1"]
[WhiteElo "2142"]
[BlackElo "2450"]
[PlyCount "58"]
[EventDate "1991.08.30"]

1. e4 e6 2. d4 d5 3. Nd2 Nf6 4. e5 Nfd7 5. Bd3 c5 6. c3 Nc6 7. Ne2 cxd4 8. cxd4
f6 9. exf6 Nxf6 10. Nf3 Bd6 11. Bf4 Qa5+ 12. Kf1 Qc7 13. Bxd6 Qxd6 14. g3 O-O
15. Kg2 e5 16. dxe5 Nxe5 17. Nxe5 Qxe5 18. Qc2 Ne4 19. Bxe4 dxe4 20. Rae1 Bg4
21. Ng1 Bf3+ 22. Nxf3 exf3+ 23. Kf1 Qb5+ 24. Kg1 Rfe8 25. Re3 Rac8 26. Qd2 Qd7
27. Qe1 Rxe3 28. fxe3 Qh3 29. Qd2 Rc1+ 0-1

[Event "Michigan Open"]
[Site "East Lansing"]
[Date "1991.08.31"]
[Round "2"]
[White "Gabbara, Faris"]
[Black "Mitchell, Richard"]
[Result "1-0"]
[WhiteElo "2142"]
[BlackElo "1950"]
[PlyCount "49"]
[EventDate "1991.08.30"]

{8/31} 1. e4 c5 2. Nf3 d6 3. d4 cxd4 4. Nxd4 Nf6 5. Nc3 a6 6. Bc4 e6 7. Bb3 Be7
8. f4 e5 9. Nf5 Bxf5 10. exf5 Qb6 11. Qe2 Nbd7 12. Be3 Qc7 13. O-O-O b5 14. g4
b4 15. Na4 exf4 16. Bxf4 Ne5 17. g5 Nfd7 18. Rhe1 h6 19. gxh6 gxh6 20. Qd2 a5
21. Qd5 O-O-O 22. Qa8+ Nb8 23. Bxf7 Nxf7 24. Rxe7 Qxe7 25. Nb6+ 1-0

[Event "Michigan Open"]
[Site "East Lansing"]
[Date "1991.08.31"]
[Round "3"]
[White "Fuller, William"]
[Black "Skidmore, Mike"]
[Result "1-0"]
[WhiteElo "2118"]
[BlackElo "1913"]
[PlyCount "155"]
[EventDate "1991.08.30"]

1. Nf3 Nf6 2. d4 d5 3. c4 c6 4. Nc3 e6 5. a3 dxc4 6. Bg5 Nbd7 7. e4 Be7 8. Bxc4
Nb6 9. Ba2 O-O 10. Qc2 Nbd7 11. Rd1 b6 12. Bb1 g6 13. O-O Bb7 14. Rfe1 Rc8 15.
Qd2 Re8 16. Qf4 Nh5 17. Qh4 Bxg5 18. Qxg5 Qxg5 19. Nxg5 h6 20. Nh3 Nhf6 21. e5
Nd5 22. Ne4 Rb8 23. Nd6 Red8 24. f4 c5 25. g3 cxd4 26. Rxd4 Nc5 27. Ba2 Ne7 28.
Red1 Nc6 29. R4d2 Rd7 30. Nf2 Rbd8 31. Ng4 Kg7 32. Nf6 Re7 33. b4 Na4 34. Nxb7
Rxd2 35. Rxd2 Rxb7 36. b5 Ne7 37. Rd8 Nc3 38. Bc4 a6 39. bxa6 Ra7 40. Rb8 b5
41. Bxb5 Nxb5 42. Rxb5 Rxa6 43. Rb3 Ng8 44. Ne8+ Kf8 45. Nd6 Ne7 46. Kf2 Ra8
47. g4 Ra4 48. Kf3 Nc6 49. Ke3 Ne7 50. Ne4 Nd5+ 51. Kf3 Kg7 52. h4 Rd4 53. g5
hxg5 54. hxg5 Ra4 55. Nf6 Rxf4+ 56. Kg3 Rf5 57. Rb8 Ne7 58. Kg4 Rxe5 59. Re8
Ra5 60. Rxe7 Ra4+ 61. Kf3 Rxa3+ 62. Kf4 Ra4+ 63. Ne4 Rd4 64. Re8 Rd5 65. Nf6
Rf5+ 66. Kg4 Rxf6 67. gxf6+ Kxf6 68. Kf4 Kg7 69. Ke5 g5 70. Re7 Kg6 71. Ra7 g4
72. Kf4 f5 73. Ra3 Kh5 74. Re3 Kh4 75. Rxe6 Kh3 76. Re5 g3 77. Rxf5 Kh2 78.
Rh5+ 1-0

[Event "Michigan Open"]
[Site "East Lansing"]
[Date "1991.08.31"]
[Round "2"]
[White "Ford, William"]
[Black "Welch, Joseph"]
[Result "1/2-1/2"]
[WhiteElo "1878"]
[BlackElo "1554"]
[PlyCount "68"]
[EventDate "1991.08.30"]

1. d4 Nf6 2. Nf3 e6 3. e3 b6 4. Be2 Bb7 5. O-O d5 6. c4 Nbd7 7. Nc3 Be7 8. Re1
O-O 9. a3 a5 10. Bd3 Re8 11. cxd5 exd5 12. Bd2 c6 13. Bf5 Bd6 14. Rc1 g6 15.
Bh3 Ne4 16. g3 f5 17. Nh4 Qg5 18. f4 Qe7 19. Bxf5 gxf5 20. Nxf5 Qf6 21. Nxe4
dxe4 22. Qh5 Bf8 23. Bc3 Qg6 24. Qxg6+ hxg6 25. Nh4 Kh7 26. g4 c5 27. Rf1 cxd4
28. Bxd4 Rac8 29. f5 gxf5 30. Nxf5 Rxc1 31. Rxc1 Rc8 32. Rf1 Bc5 33. h4 Bxd4
34. Nxd4 Rf8 1/2-1/2

[Event "Michigan Open"]
[Site "East Lansing"]
[Date "1991.08.31"]
[Round "3"]
[White "Fischvogt, Eric"]
[Black "Smith, Ed"]
[Result "1/2-1/2"]
[WhiteElo "2287"]
[BlackElo "1818"]
[PlyCount "69"]
[EventDate "1991.08.30"]

1. d4 Nf6 2. Nf3 d5 3. Bg5 e6 4. e3 Be7 5. Nbd2 Nbd7 6. Bd3 h6 7. Bh4 c5 8. c3
c4 9. Bc2 b5 10. O-O Bb7 11. a4 a6 12. Qe2 O-O 13. Ne5 Nxe5 14. dxe5 Ne4 15.
Bxe7 Qxe7 16. f4 Nxd2 17. Qxd2 Qc5 18. Qd4 Qxd4 19. exd4 Bc6 20. axb5 axb5 21.
f5 Rfb8 22. fxe6 fxe6 23. Bg6 Be8 24. Rxa8 Rxa8 25. Bxe8 Rxe8 26. Ra1 Rb8 27.
b4 cxb3 28. Rb1 Ra8 29. Rxb3 Ra5 30. Kf2 Kf7 31. Ke3 Ra2 32. Kf3 Rc2 33. h4 h5
34. Ke3 Kg6 35. Kf3 1/2-1/2

[Event "Michigan Open"]
[Site "East Lansing"]
[Date "1991.08.31"]
[Round "5"]
[White "Fischvogt, Eric"]
[Black "Calton, Bill"]
[Result "0-1"]
[WhiteElo "2287"]
[BlackElo "2073"]
[PlyCount "226"]
[EventDate "1991.08.30"]

1. d4 Nf6 2. Nf3 e6 3. Bg5 Be7 4. e3 d5 5. c4 O-O 6. Nc3 Re8 7. Qc2 Nbd7 8. Bd3
Nf8 9. O-O h6 10. Bh4 dxc4 11. Bxc4 Ng6 12. Bg3 Bd6 13. Bd3 Bxg3 14. Bxg6 Bd6
15. Bd3 c5 16. Rfd1 cxd4 17. Nxd4 Bd7 18. Ndb5 Be5 19. Be2 Qb6 20. Nd4 Rac8 21.
Bf3 Bb8 22. Qb3 Qxb3 23. Nxb3 Be5 24. Nd4 Bxd4 25. Rxd4 Bc6 26. Bxc6 Rxc6 27.
Rad1 Kf8 28. f3 Rec8 29. e4 Ne8 30. Kf2 Rc4 31. Rd7 R8c7 32. Rd8 Rb4 33. R1d2
Ke7 34. R8d3 f6 35. h4 g5 36. Kg3 Rb6 37. hxg5 hxg5 38. Kf2 Nd6 39. Rxd6 Rxd6
40. Rxd6 Kxd6 41. Nb5+ Kc6 42. Nxc7 Kxc7 43. Ke3 Kc6 44. Kd4 b5 45. b4 e5+ 46.
Ke3 Kd6 47. Kf2 Ke6 48. Kg3 Kf7 49. Kg4 Kg6 50. g3 f5+ 51. exf5+ Kf6 52. Kh3
Kxf5 53. Kg2 e4 54. Kf2 exf3 55. Kxf3 g4+ 56. Ke3 Ke5 57. Kd3 Kd5 58. Ke3 Kc4
59. Kf4 Kxb4 60. Kxg4 Ka3 61. Kf4 Kxa2 62. g4 b4 63. g5 b3 64. g6 b2 65. g7
b1=Q 66. g8=Q+ Qb3 67. Qg2+ Ka3 68. Qg7 a5 69. Qa1+ Kb4 70. Qe1+ Qc3 71. Qe7+
Kb3 72. Kg5 a4 73. Qb7+ Ka2 74. Qd5+ Kb2 75. Qb5+ Qb3 76. Qe5+ Kc2 77. Qf5+ Kc3
78. Qe5+ Kb4 79. Qd6+ Ka5 80. Qd8+ Qb6 81. Qd2+ Ka6 82. Kh4 Qf6+ 83. Kh5 Qf7+
84. Kh6 Qf8+ 85. Kh5 Qc5+ 86. Kh6 a3 87. Qd3+ Ka5 88. Qd2+ Kb5 89. Qd3+ Kb4 90.
Qb1+ Ka5 91. Qe1+ Kb6 92. Qb1+ Ka6 93. Qd3+ Kb7 94. Qd7+ Qc7 95. Qd2 Qc6+ 96.
Kh5 Qe8+ 97. Kh6 Qe6+ 98. Kh5 a2 99. Qb2+ Kc6 100. Kh4 Qe4+ 101. Kg5 Qb1 102.
Qc3+ Kb5 103. Qe5+ Ka6 104. Qf6+ Qb6 105. Qa1 Qf2 106. Kh5 Kb5 107. Kh6 Kc4
108. Kh5 Qe2+ 109. Kh6 Kb3 110. Kg5 Qe3+ 111. Kh5 Qc5+ 112. Kh6 Ka3 113. Kg6
Qb6+ 0-1

[Event "Michigan Open"]
[Site "East Lansing"]
[Date "1991.08.31"]
[Round "2"]
[White "Finegold, Ron"]
[Black "Harrold, Alvin"]
[Result "1-0"]
[WhiteElo "2166"]
[BlackElo "1879"]
[PlyCount "72"]
[EventDate "1991.08.30"]

1. Nf3 c5 2. g3 b6 3. Bg2 Bb7 4. O-O Nf6 5. c4 e6 6. Nc3 Be7 7. b3 O-O 8. e3 a6
9. Bb2 Qc7 10. d4 d5 11. cxd5 exd5 12. Rc1 Nbd7 13. Nh4 Rfd8 14. dxc5 bxc5 15.
Nxd5 Nxd5 16. Bxd5 Nf6 17. e4 Nxd5 18. exd5 Rxd5 19. Qg4 Rg5 20. Qe2 Qc6 21. f3
Re8 22. Rfe1 Kf8 23. Qd3 Qh6 24. Nf5 c4 25. Qd7 Bc5+ 26. Bd4 Bxd4+ 27. Qxd4 Qc6
28. Rxe8+ Qxe8 29. Qc5+ Kg8 30. Ne7+ Kh8 31. Qxg5 Bxf3 32. Rxc4 Bb7 33. Rd4 f6
34. Qc5 h6 35. Qc7 Qb5 36. Qd8+ Kh7 1-0

[Event "Michigan Open"]
[Site "East Lansing"]
[Date "1991.08.31"]
[Round "3"]
[White "Dmuchowski, Frank"]
[Black "Needleman, Andrew"]
[Result "1/2-1/2"]
[WhiteElo "1796"]
[BlackElo "1620"]
[PlyCount "74"]
[EventDate "1991.08.30"]

1. e4 c6 2. d4 d5 3. Nc3 dxe4 4. Nxe4 Bf5 5. Ng3 Bg6 6. Bc4 Nf6 7. Nf3 Nbd7 8.
O-O Qc7 9. Re1 O-O-O 10. c3 e6 11. Qa4 b5 12. Bxb5 cxb5 13. Qxb5 Bd6 14. Qa6+
Kb8 15. c4 Qb6 16. Qa4 Qb4 17. Qb3 Qxb3 18. axb3 Bb4 19. Bd2 Bxd2 20. Nxd2 Nb6
21. Nf3 Nc8 22. Ne5 Kb7 23. Nf3 Rd7 24. Ra5 Rhd8 25. Rb5+ Ka8 26. Ne5 Rb7 27.
Rxb7 Kxb7 28. Ne2 Ne7 29. f3 Nc6 30. Nxg6 hxg6 31. Rd1 Na5 32. Rd3 Rd6 33. Kf2
Nc6 34. Ke3 Nb4 35. Rd2 g5 36. h3 Kc6 37. Nc3 Rd7 1/2-1/2

[Event "Michigan Open"]
[Site "East Lansing"]
[Date "1991.08.31"]
[Round "1"]
[White "Czuhai, Kevin"]
[Black "Sanborn, Richard"]
[Result "0-1"]
[WhiteElo "2237"]
[BlackElo "1877"]
[PlyCount "136"]
[EventDate "1991.08.30"]

1. e4 c5 2. Nf3 d6 3. Bb5+ Nc6 4. O-O a6 5. Bxc6+ bxc6 6. c3 g6 7. d4 cxd4 8.
cxd4 Bg7 9. Qc2 Qc7 10. h3 Nf6 11. Nc3 O-O 12. Bg5 Rb8 13. e5 Bf5 14. Qc1 Ne8
15. Nd5 cxd5 16. Qxc7 Nxc7 17. Bxe7 Rfc8 18. Bxd6 Rxb2 19. Rfc1 Nb5 20. Bc5 Bh6
21. Re1 Be4 22. a4 Nc3 23. Rf1 Bxf3 24. gxf3 Ne2+ 25. Kh2 Bf8 26. Ba3 Bxa3 27.
Rxa3 Nxd4 28. Rd1 Rc4 29. Rad3 Rxf2+ 30. Kg3 Rxf3+ 31. Rxf3 Nxf3 32. Kxf3 Rxa4
33. Rxd5 Kf8 34. Rd7 h6 35. Rc7 a5 36. Ra7 h5 37. Kg3 g5 38. Kf3 Rf4+ 39. Kg3
a4 40. Kg2 Re4 41. Kf3 Rb4 42. Kg2 Ke8 43. Kh2 Rb2+ 44. Kg1 Ra2 45. Kf1 a3 46.
Kg1 Ra1+ 47. Kg2 a2 48. Kh2 Kd8 49. Kg2 Kc8 50. Rxf7 Rg1+ 51. Kxg1 a1=Q+ 52.
Rf1 Qxe5 53. Kg2 Qe4+ 54. Kh2 Kd7 55. Rf7+ Ke6 56. Rf2 Ke5 57. Rf8 Kd4 58. Rf1
h4 59. Rg1 Qf4+ 60. Kh1 Ke3 61. Re1+ Kf2 62. Rf1+ Kg3 63. Rxf4 gxf4 64. Kg1
Kxh3 65. Kh1 Kg3 66. Kg1 Kf3 67. Kf1 h3 68. Kg1 Ke2 0-1

[Event "Michigan Open"]
[Site "East Lansing"]
[Date "1991.08.31"]
[Round "1"]
[White "Chehayeb, Sal"]
[Black "Moore, Robert"]
[Result "1-0"]
[WhiteElo "2096"]
[BlackElo "1822"]
[PlyCount "75"]
[EventDate "1991.08.30"]

1. e4 c5 2. Nf3 d6 3. d4 cxd4 4. Nxd4 Nf6 5. Nc3 a6 6. Be2 e5 7. Nb3 Be7 8. a4
O-O 9. O-O Be6 10. Be3 d5 11. exd5 Nxd5 12. Nxd5 Qxd5 13. Bf3 Qxd1 14. Rfxd1
Nc6 15. Nc5 Bxc5 16. Bxc5 Rfd8 17. Bb6 Rxd1+ 18. Rxd1 f5 19. Rd6 Kf7 20. Bxc6
bxc6 21. Rxc6 Rf8 22. Bc7 Rc8 23. h3 Bd7 24. Rc4 Bxa4 25. Rxa4 Rxc7 26. c3 Rc6
27. Kf1 g5 28. Ke2 Kf6 29. Ra5 h5 30. Kd3 g4 31. h4 f4 32. b3 Kf5 33. Rd5 Ke6
34. c4 Rb6 35. Ke4 g3 36. Rxe5+ Kd6 37. fxg3 fxg3 38. c5+ 1-0

[Event "Michigan Open"]
[Site "East Lansing"]
[Date "1991.08.31"]
[Round "3"]
[White "Chehayeb, Sal"]
[Black "Arganian, David H"]
[Result "1-0"]
[WhiteElo "2096"]
[BlackElo "1892"]
[PlyCount "97"]
[EventDate "1991.08.30"]

1. e4 c6 2. d4 d5 3. exd5 cxd5 4. c4 Nf6 5. Nc3 e6 6. c5 Be7 7. b4 b6 8. Nf3 a5
9. Bb5+ Bd7 10. Qa4 O-O 11. Ne5 Bxb5 12. Nxb5 Nfd7 13. Bf4 Nxe5 14. Bxe5 Nc6
15. Nc7 Nxb4 16. Nxa8 Qxa8 17. O-O bxc5 18. dxc5 Bxc5 19. a3 Nd3 20. Bc3 Qa7
21. Ra2 Rc8 22. Rd2 d4 23. Rxd3 dxc3 24. Rxc3 Rd8 25. Qc2 Bd4 26. Rc7 Qa6 27.
Rc6 Qa7 28. Rc8 Qd7 29. Rc7 Qd6 30. a4 g6 31. Rb7 Bc5 32. g3 h5 33. Rc1 Rc8 34.
Rcb1 h4 35. Qb3 h3 36. Qf3 f5 37. g4 Qd5 38. Qxd5 exd5 39. gxf5 gxf5 40. R1b3
Bb4 41. Rxh3 d4 42. Rd7 Bc3 43. Rf3 Rc5 44. h4 f4 45. Rxf4 Rc4 46. Rg4+ Kf8 47.
h5 Rxa4 48. h6 Ra1+ 49. Kg2 1-0

[Event "Michigan Open"]
[Site "East Lansing"]
[Date "1991.08.31"]
[Round "3"]
[White "Calton, David W"]
[Black "Frawley, Ed"]
[Result "1-0"]
[WhiteElo "1924"]
[BlackElo "1828"]
[PlyCount "63"]
[EventDate "1991.08.30"]

1. e4 e5 2. f4 exf4 3. Nf3 d6 4. d4 g5 5. Bc4 h6 6. h4 g4 7. Ng1 Qe7 8. Qd3 Nf6
9. Nc3 Bf5 10. Bxf4 Nxe4 11. O-O-O Nd7 12. Nd5 Qd8 13. Re1 Ndf6 14. Nxf6+ Qxf6
15. Bd5 Bg7 16. Bxe4 Bxe4 17. Qxe4+ Kd7 18. Bg3 Rae8 19. Qxg4+ Kd8 20. Nf3 h5
21. Rxe8+ Rxe8 22. Qf4 Bh6 23. Ng5 Qg7 24. Rf1 Re6 25. Qxf7 Bxg5+ 26. hxg5
Qxg5+ 27. Qf4 Qxf4+ 28. Rxf4 Rg6 29. Bh4+ Kd7 30. g3 c5 31. dxc5 dxc5 32. Rf5
1-0

[Event "Michigan Open"]
[Site "East Lansing"]
[Date "1991.08.31"]
[Round "2"]
[White "Calton, Bill"]
[Black "Norman, Bryan"]
[Result "0-1"]
[WhiteElo "2073"]
[BlackElo "2285"]
[PlyCount "82"]
[EventDate "1991.08.30"]

1. d4 Nf6 2. Nf3 g6 3. e3 Bg7 4. Bd3 O-O 5. O-O d6 6. c3 Nbd7 7. Qc2 e5 8. e4
Nh5 9. Re1 c6 10. Be3 Nf4 11. Bxf4 exf4 12. Na3 g5 13. Nc4 g4 14. Nfd2 Qf6 15.
e5 dxe5 16. Bxh7+ Kh8 17. dxe5 Qg5 18. Bf5 Nxe5 19. Bxc8 Raxc8 20. Nxe5 Bxe5
21. Nc4 Bc7 22. Re4 Rcd8 23. Rae1 g3 24. Qe2 b5 25. Ne5 Bb6 26. hxg3 fxg3 27.
Re3 gxf2+ 28. Qxf2 Bxe3 29. Qxe3 Qxe3+ 30. Rxe3 Rd1+ 31. Kh2 Rd6 32. Rf3 Kg7
33. Rf2 f6 34. Nf3 Kg6 35. Kg3 Rd3 36. Re2 Kf7 37. Kf4 Re8 38. Rc2 Re7 39. c4
b4 40. c5 a5 41. Nd2 Re2 0-1

[Event "Michigan Open"]
[Site "East Lansing"]
[Date "1991.08.31"]
[Round "1"]
[White "Burke, Tim"]
[Black "Yaure, Chris"]
[Result "0-1"]
[WhiteElo "1733"]
[BlackElo "1971"]
[PlyCount "46"]
[EventDate "1991.08.30"]

1. e4 d6 2. d4 Nf6 3. Nc3 g6 4. f4 Bg7 5. Nf3 O-O 6. Bd3 c5 7. e5 dxe5 8. dxe5
Nd5 9. Ne4 b6 10. c3 Bb7 11. O-O Ba6 12. g4 Nxc3 13. Nxc3 Qxd3 14. Rf2 Qxd1+
15. Nxd1 Nc6 16. Ne3 Rad8 17. b3 Nd4 18. Bb2 Ne2+ 19. Kg2 Nxf4+ 20. Kg3 Nd3 21.
Rg2 Nxb2 22. Rxb2 f6 23. exf6 Bxf6 0-1

[Event "Michigan Open"]
[Site "East Lansing"]
[Date "1991.08.31"]
[Round "3"]
[White "Burke, Tim"]
[Black "Aliya, Daniel"]
[Result "1-0"]
[WhiteElo "1733"]
[BlackElo "1843"]
[PlyCount "107"]
[EventDate "1991.08.30"]

1. e4 d6 2. d4 g6 3. c4 Bg7 4. Nc3 Nf6 5. Nf3 O-O 6. Be2 Nbd7 7. O-O c5 8. d5
a6 9. a4 Nb6 10. a5 Nbd7 11. h3 Qc7 12. Nd2 Rb8 13. f4 b6 14. h4 h5 15. Qe1
bxa5 16. Qg3 Kh7 17. Nf3 Ne8 18. Re1 Ndf6 19. Bd3 Ng4 20. f5 Ne5 21. Nxe5 Bxe5
22. Qg5 Nf6 23. fxg6+ Kg7 24. Qh6+ Kg8 25. g7 Nh7 26. gxf8=Q+ Nxf8 27. Qxh5 Ng6
28. Rf1 Bd7 29. Qf3 Bd4+ 30. Kh1 Ne5 31. Qg3+ Kh8 32. Be2 Rg8 33. Qf4 Rg7 34.
Qh6+ Kg8 35. Qh5 Rh7 36. Qg5+ Kh8 37. Bf4 Ng6 38. h5 f6 39. Qxg6 Qc8 40. Rad1
Rg7 41. Qxg7+ Kxg7 42. h6+ Kh8 43. Bh5 Qg8 44. Rd3 Qb8 45. Bc1 Qb3 46. Rg3 Qxc4
47. Rff3 Be5 48. Rg7 f5 49. Rxe7 Bxc3 50. bxc3 Qe2 51. Kh2 Qe1 52. Bg5 Qe2 53.
Bf6+ Kg8 54. h7+ 1-0

[Event "Michigan Open"]
[Site "East Lansing"]
[Date "1991.08.31"]
[Round "3"]
[White "Brooks, John"]
[Black "Owens, James"]
[Result "1/2-1/2"]
[WhiteElo "2228"]
[BlackElo "2117"]
[PlyCount "150"]
[EventDate "1991.08.30"]

1. d4 Nf6 2. c4 g6 3. Nc3 Bg7 4. e4 d6 5. Be2 O-O 6. h3 e5 7. d5 a5 8. Bg5 Qe8
9. Qd2 Na6 10. g4 Nc5 11. Bf3 Kh8 12. Nge2 Ng8 13. Nb5 f6 14. Be3 Qe7 15. Ng3
f5 16. gxf5 gxf5 17. Bg5 Bf6 18. h4 fxe4 19. Bxe4 Bg4 20. Nc3 Rf7 21. Bg2 Raf8
22. Nce4 Nxe4 23. Bxe4 b6 24. Rh2 Rg7 25. Qe3 Qf7 26. f3 Bxg5 27. hxg5 Bxf3 28.
Rf2 Qe7 29. Rxf3 Rxf3 30. Bxf3 Qxg5 31. Qxg5 Rxg5 32. Kf2 Nf6 33. Ne4 Nxe4+ 34.
Bxe4 Kg7 35. Rg1 Rxg1 36. Kxg1 h6 37. Kg2 Kf6 38. Kg3 Kg5 39. Bg2 Kf5 40. Kf3
h5 41. Bh3+ Kg5 42. Kg3 h4+ 43. Kf3 Kh5 44. Ke4 Kg5 45. b3 Kf6 46. Kf3 Kg5 47.
a3 Kh5 48. b4 axb4 49. axb4 Kg5 50. Ke4 Kf6 51. Bc8 Kg5 52. c5 bxc5 53. bxc5
Kf6 54. cxd6 cxd6 55. Kf3 Kg5 56. Bh3 Kh5 57. Ke3 Kg5 58. Bc8 Kh5 59. Kf3 Kg5
60. Ba6 Kf5 61. Bd3+ Kg5 62. Bb5 Kf5 63. Bd7+ Kg5 64. Be6 Kh5 65. Bd7 Kg5 66.
Bh3 Kh5 67. Bc8 Kg5 68. Bd7 Kh5 69. Kg2 Kg5 70. Kh3 e4 71. Bb5 e3 72. Bd3 Kf4
73. Kxh4 Ke5 74. Kg3 Kxd5 75. Kf3 Kd4 1/2-1/2